| 000 | 01000nas a2200277 4500 | ||
|---|---|---|---|
| 001 | BR2011006840 | ||
| 003 | BR-BrBNA | ||
| 005 | 20231205120039.0 | ||
| 007 | ta | ||
| 008 | 230509b bl.|||p| |||| 00| 00por d | ||
| 040 |
_aBR-BrBNA _bpor _cBiblioteca Nacional de Agricultura |
||
| 041 | _a(Pt) | ||
| 072 | _aP01; E11 | ||
| 100 | 1 | _aPedreira, B. da C.C.G. | |
| 100 | 1 | _aSantos, R.F. dos | |
| 100 | 1 | _aRocha, J.V. | |
| 245 | 1 | _aPlanejamento agroturístico de propriedade rural sob a perspectiva da conservação ambiental | |
| 650 | _aTURISMO | ||
| 650 | _aDESENVOLVIMENTO RURAL | ||
| 650 | _aPRESERVAÇÃO DA NATUREZA | ||
| 650 | _aPROTEÇÃO AMBIENTAL | ||
| 773 | 0 |
_tRevista Brasileira de Engenharia Agrícola e Ambiental (Brazil) _xISSN 1807-1929 _g(Nov-Dec 2009), v.13(6) p. 741-749 _wBR2011006840 |
|
| 856 | 4 | 0 | _uhttp://www.scielo.br/scielo.php?script=sci_arttext pid=S1415-43662009000600012 lng=en nrm=iso tlng=pt |
| 909 |
_a202311 _bLúcia _c55 _dLúcia Elande |
||
| 942 |
_2AGRIS _n0 _cANA |
||
| 999 |
_c216824 _d216824 |
||